00808nam a2200241Ia 4500003000900000008004100009020002200050040001600072080001600088100002700104245009600131250001200227260003800239300001500277650002200292650002200314650002400336650002400360700002900384942000700413999001700420952012900437IN-BaIIA211028s9999 xx 000 0 eng d a978-0-07-107786-6 cIIA Library a536.24bCEN aCengel, Yunus A935221 0aHeat and mass transferbfundamentals and applicationscYunus A. Cengel and Afshin J. Ghajar a4th ed. aNew DelhibTata McGraw-Hillc2012 axxi, 902p. aConduction935222 aConvection921799 aHeat transfer97229 aMass transfer95001 aGhajar, Afshin J.935223 cBK c18376d18376 00104070aBANbBANcGENd2012-09-25eANJ g550.00l0o536.24/ CENp19298r2021-11-05v550.00w2012-09-25yBKGRs. 550.00